A dictionary of politics
Đã lưu trong:
| Hovedforfatter: | |
|---|---|
| Format: | Bog |
| Sprog: | Undetermined |
| Udgivet: |
Baltimore
Penguin Books
1957
|
| Fag: | |
| Tags: |
Tilføj Tag
Ingen Tags, Vær først til at tagge denne postø!
|
| Thư viện lưu trữ: | Trung tâm Học liệu Trường Đại học Cần Thơ |
|---|
| LEADER | 00568nam a2200193Ia 4500 | ||
|---|---|---|---|
| 001 | CTU_104687 | ||
| 008 | 210402s9999 xx 000 0 und d | ||
| 082 | |a 320.03 | ||
| 082 | |b E46 | ||
| 100 | |a Elliott, Florence | ||
| 245 | 2 | |a A dictionary of politics | |
| 245 | 0 | |c Florence Elliott, Michael Summserskill | |
| 260 | |a Baltimore | ||
| 260 | |b Penguin Books | ||
| 260 | |c 1957 | ||
| 650 | |a World politics,Chính trị thế giới | ||
| 650 | |x Dictionaries,Từ điển | ||
| 904 | |i Nguyên | ||
| 980 | |a Trung tâm Học liệu Trường Đại học Cần Thơ | ||